[Event "Olimpiade 2024 - Donne"]
[Site "Budapest"]
[Date "12.09.2024"]
[Round "2.58"]
[Board "1"]
[White "Ahmed, Najla"]
[Black "Park, Sunwoo"]
[Result "0-1"]
[BlackTitle "WFM"]
[WhiteElo "1539"]
[BlackElo "1877"]
[WhiteTeam "Bahrain"]
[BlackTeam "South Korea"]
[WhiteFideId "11205270"]
[BlackFideId "13203320"]
[EventDate "2024.09.11"]

1. e4 c5 2. Nc3 Nc6 3. Nge2 g6 4. g3 Bg7 5. Bg2 Nf6 6. d3 a6 7. Be3 d6 8. h3 O-O
9. Qd2 Re8 10. f4 e6 11. g4 Nd7 12. h4 Nd4 13. h5 Qa5 14. hxg6 fxg6 15. f5 Ne5
16. Bxd4 cxd4 17. Nxd4 Nxg4 18. Nb3 Qe5 19. O-O-O exf5 20. exf5 Bxf5 21. Bd5+
Kh8 22. Bxb7 Ra7 23. Bf3 Rae7 24. Bxg4 Bxg4 25. Rdg1 Bh5 26. Kb1 d5 27. d4 Qd6
28. Qg5 Bf3 29. Rh3 Re1+ 30. Rxe1 Rxe1+ 31. Nc1 Bh5 32. Qh4 Rf1 33. Qg5 Bf6 34.
Qe3 Kg7 35. a3 h6 36. Na2 Bg5 37. Qd3 Qf4 38. Qxa6 Rxc1+ 39. Nxc1 Qxc1+ 40. Ka2
Qf4 41. Qb7+ Qf7 42. Qxf7+ Kxf7 43. Rc3 Be2 44. Rh3 h5 45. Rh2 Bd1 46. Kb3 Bf4
47. Rf2 g5 48. Kb4 h4 49. Kc5 Ke6 50. a4 h3 51. Kb6 Be3 52. Rh2 Bxd4+ 53. Kb7
Bg4 54. c3 Be5 55. Rf2 h2 56. Rf1 Bf3 57. a5 h1=Q 58. Rxh1 Bxh1 59. Kc8 d4 60.
cxd4 Bxd4 61. b4 Kd6 62. b5 Bc3 63. b6 Bxa5 64. b7 Bxb7+ 65. Kxb7 g4 66. Ka8 g3
67. Kb7 g2 68. Kc8 g1=Q 69. Kb8 Qb6+ 70. Ka8 Qa6+ 71. Kb8 Bc7# 0-1

[Event "Olimpiade 2024 - Donne"]
[Site "Budapest"]
[Date "12.09.2024"]
[Round "2.60"]
[Board "4"]
[White "Tsinjoviniavo, Aina Mahasambatra"]
[Black "Patil, Anvita Niranjan"]
[Result "1-0"]
[WhiteElo "1662"]
[BlackElo "1589"]
[WhiteTeam "Madagascar"]
[BlackTeam "Cayman Islands"]
[WhiteFideId "13105450"]
[BlackFideId "33100446"]
[EventDate "2024.09.11"]

1. e4 e5 2. Nf3 Nc6 3. d4 exd4 4. Nxd4 Bc5 5. Nf5 Qf6 6. Nc3 Nge7 7. Be3 Bb4 8.
Nxe7 Qxe7 9. Qd3 d6 10. O-O-O Be6 11. a3 Ba5 12. f4 O-O-O 13. b4 Bb6 14. Bxb6
axb6 15. f5 Bd7 16. Qc4 Ne5 17. Qb3 f6 18. Nd5 Qf7 19. Bc4 Qe8 20. b5 Nxc4 21.
Qxc4 c6 22. Nxb6+ Kb8 23. Nxd7+ Qxd7 24. b6 c5 25. a4 Rhe8 26. a5 Qc6 27. Rhe1
Rd7 28. Rd5 Red8 29. Re3 Rh8 30. Rb3 Re8 31. Ra3 Rde7 32. a6 Rxe4 33. a7+ Ka8
34. Qa2 Re1+ 35. Rd1 Qe4 36. Rd3 Qf4+ 37. Kb2 Rxd1 38. Rxd1 Qxh2 39. Qf7 Qe5+
40. Kb3 Qe3+ 41. Rd3 c4+ 42. Qxc4 Qxb6+ 43. Ka2 Kxa7 44. Qa4+ Qa6 45. Qxa6+ bxa6
46. Rxd6 Rb8 47. Ka3 Rb7 48. c4 Rb6 49. Re6 g6 50. c5 Rb5 51. Rxf6 Rxc5 52. Rf7+
Kb6 53. f6 h6 54. Rg7 Rg5 55. f7 Rg3+ 56. Kb4 Rg4+ 57. Kc3 Rf4 58. g3 Rf6 59.
Kd4 g5 60. Rg6 Rxg6 61. f8=Q Rc6 62. Qd8+ Kb5 63. Qd5+ Kb6 64. Qb3+ Kc7 65. Ke5
a5 66. Qb5 Rb6 67. Qxa5 Kc6 68. Qd5+ Kc7 69. Kf5 Rd6 70. Qe5 Kc6 71. Kg4 Rd5 72.
Qe4 Kc5 73. Qe7+ Kc4 74. Kh5 Rd4 75. Kxh6 g4 76. Kg5 Rd5+ 77. Kxg4 Rd4+ 78. Kh5
Rd5+ 79. Kh6 Rd3 80. g4 Rh3+ 81. Kg7 Rg3 82. g5 Rg4 83. Qe6+ Kd4 84. Qxg4+ Ke5
85. Kf7 Kd6 86. g6 Ke5 87. g7 Kd6 88. g8=Q Kd5 89. Q8g5+ Kd6 90. Qe6+ Kc7 91.
Qge7+ Kb8 92. Qb6+ Ka8 93. Qeb7# 1-0

[Event "Olimpiade 2024 - Donne"]
[Site "Budapest"]
[Date "12.09.2024"]
[Round "2.68"]
[Board "1"]
[White "Lima, Izidora Lourenco"]
[Black "Kaslan, Catherine"]
[Result "0-1"]
[BlackTitle "WFM"]
[WhiteElo "1579"]
[BlackElo "1902"]
[WhiteTeam "Sao Tome and Principe"]
[BlackTeam "Suriname"]
[WhiteFideId "16900200"]
[BlackFideId "8201390"]
[EventDate "2024.09.11"]

1. e4 c5 2. Nf3 d6 3. Bc4 e6 4. Nc3 Nf6 5. d4 cxd4 6. Nxd4 a6 7. Bb3 Be7 8. O-O
O-O 9. Be3 b5 10. f3 Qc7 11. Qd2 Nc6 12. Rad1 Na5 13. Rfe1 Nc4 14. Qc1 Bb7 15.
Bxc4 Qxc4 16. Nb3 Qc7 17. Rd3 Rac8 18. a3 Rfd8 19. Qd2 Nd7 20. f4 Nf6 21. Bf2 d5
22. e5 Ne4 23. Qe2 Nc5 24. Nxc5 Bxc5 25. Bd4 Bxd4+ 26. Rxd4 Qb6 27. Rd1 Rc4 28.
Qf2 Rdc8 29. Rxc4 Qxf2+ 30. Kxf2 bxc4 31. Ne2 f6 32. c3 fxe5 33. fxe5 Rf8+ 34.
Ke3 Rf5 35. Kd4 Rf2 36. Ke3 Rxg2 0-1

[Event "Olimpiade 2024 - Donne"]
[Site "Budapest"]
[Date "13.09.2024"]
[Round "3.1"]
[Board "3"]
[White "Hryzlova, Sofiia"]
[Black "Divya, Deshmukh"]
[Result "0-1"]
[WhiteTitle "WIM"]
[BlackTitle "IM"]
[WhiteElo "2188"]
[BlackElo "2483"]
[WhiteTeam "Switzerland"]
[BlackTeam "India"]
[WhiteFideId "14174669"]
[BlackFideId "35006916"]
[EventDate "2024.09.11"]

1. d4 Nf6 2. c4 e6 3. Nc3 Bb4 4. e3 c5 5. Ne2 d5 6. a3 Ba5 7. dxc5 dxc4 8. Qxd8+
Bxd8 9. Nd4 Nbd7 10. c6 bxc6 11. Nxc6 Bb7 12. Nxd8 Rxd8 13. Bxc4 Bxg2 14. Rg1
Bf3 15. Rg5 Ng4 16. h3 Nge5 17. Bb5 O-O 18. e4 f6 19. Rg3 Nc5 20. Be3 Nb3 21.
Rb1 Nd4 22. Ba4 h5 23. h4 f5 24. Bh6 Bg4 25. Bg5 Ndf3+ 26. Kf1 Nxg5 27. hxg5 f4
28. Rg1 Nf3 29. Bb5 Bh3+ 30. Ke2 Nd4+ 31. Ke1 Nc2+ 32. Ke2 f3# 0-1

[Event "Olimpiade 2024 - Donne"]
[Site "Budapest"]
[Date "13.09.2024"]
[Round "3.8"]
[Board "1"]
[White "Ouellet, Maili-Jade"]
[Black "Tokhirjonova, Gulrukhbegim"]
[Result "1/2-1/2"]
[WhiteTitle "WGM"]
[BlackTitle "IM"]
[WhiteElo "2318"]
[BlackElo "2380"]
[WhiteTeam "Canada"]
[BlackTeam "United States of America"]
[WhiteFideId "2620472"]
[BlackFideId "14203626"]
[EventDate "2024.09.11"]

1. d4 Nf6 2. c4 e6 3. Nc3 Bb4 4. e3 O-O 5. Bd3 d5 6. Ne2 b6 7. a3 Bd6 8. e4 dxe4
9. Nxe4 Bb7 10. Nxd6 cxd6 11. O-O d5 12. Bg5 dxc4 13. Bxc4 b5 14. Ba2 Nbd7 15.
Nc3 h6 16. Be3 a6 17. d5 exd5 18. Nxd5 Nxd5 19. Bxd5 Bxd5 20. Qxd5 Nf6 21. Qc6
Qd5 22. Rac1 Qe5 23. Qc3 Qxc3 24. Rxc3 Nd5 25. Rd3 Nxe3 26. Rxe3 Rac8 27. Rfe1
Rc2 28. R3e2 Rfc8 29. g3 a5 30. Kf1 g5 31. Rxc2 Rxc2 32. Re2 Rc5 33. Ke1 Kg7 34.
Kd2 Kf6 35. Kd3 Kf5 36. Re4 h5 37. h3 Kg6 38. b4 axb4 39. axb4 Rf5 40. Ke3 Rd5
41. Rd4 1/2-1/2

[Event "Olimpiade 2024 - Donne"]
[Site "Budapest"]
[Date "13.09.2024"]
[Round "3.15"]
[Board "3"]
[White "Ni, Viktorija"]
[Black "Hunt, Harriet V"]
[Result "0-1"]
[WhiteTitle "WIM"]
[BlackTitle "IM"]
[WhiteElo "2163"]
[BlackElo "2304"]
[WhiteTeam "Norway"]
[BlackTeam "England"]
[WhiteFideId "11602252"]
[BlackFideId "403512"]
[EventDate "2024.09.11"]

1. d4 Nf6 2. c4 e6 3. Nc3 Bb4 4. e3 b6 5. Ne2 Ba6 6. a3 Bxc3+ 7. Nxc3 d5 8. Qa4+
c6 9. Be2 O-O 10. O-O dxc4 11. Rd1 b5 12. Qc2 Nd5 13. e4 Nxc3 14. bxc3 Bb7 15.
a4 f5 16. Bf3 Qc7 17. Ba3 Rf7 18. exf5 exf5 19. d5 Nd7 20. dxc6 Bxc6 21. Bxc6
Qxc6 22. Rd6 Qb7 23. Rad1 Re8 24. h3 g6 25. Qd2 Nf8 26. Qh6 bxa4 27. Rd8 Qe4 28.
R1d4 Qe6 29. Kh2 f4 30. R4d6 Qe5 31. Rd5 Qe6 32. R5d6 Rxd8 33. Rxd8 Qf6 34. Rc8
f3 35. g3 Qf5 36. Rxc4 Qc2 37. Qe3 Qb3 38. Qc5 Rf5 39. Qb4 Qc2 40. Qb2 Qd1 41.
Rf4 Qf1 42. Qa2+ Kh8 43. Rxf3 Rxf3 44. Bc5 h5 45. Qb2 Qc4 46. Bd4+ Kg8 47. Qb7
Qf7 48. Qb8 Rxf2+ 0-1

[Event "Olimpiade 2024 - Donne"]
[Site "Budapest"]
[Date "13.09.2024"]
[Round "3.16"]
[Board "3"]
[White "Ozturk Orenli, Kubra"]
[Black "Karimi, Setayesh"]
[Result "1/2-1/2"]
[WhiteTitle "WGM"]
[BlackTitle "WFM"]
[WhiteElo "2262"]
[BlackElo "2105"]
[WhiteTeam "Turkiye"]
[BlackTeam "Iran"]
[WhiteFideId "6302599"]
[BlackFideId "22555293"]
[EventDate "2024.09.11"]

1. d4 Nf6 2. c4 g6 3. Nc3 d5 4. Bf4 Bg7 5. e3 c5 6. dxc5 Qa5 7. Rc1 dxc4 8. Bxc4
O-O 9. Ne2 Qxc5 10. Qb3 Qa5 11. O-O Na6 12. Rfd1 Nc5 13. Qb5 Qxb5 14. Nxb5 Be6
15. Bxe6 Nxe6 16. Be5 a6 17. Nbd4 Nxd4 18. Nxd4 Rac8 19. Kf1 Rfd8 20. Ke2 Nd5
21. Nf3 e6 22. Bxg7 Kxg7 23. g3 Kf6 24. e4 Nb6 25. Rxc8 Rxc8 26. b3 Rc2+ 27. Rd2
Rxd2+ 28. Kxd2 e5 29. Kd3 h6 30. Nd2 Ke6 31. a4 f5 32. f3 1/2-1/2

[Event "Olimpiade 2024 - Donne"]
[Site "Budapest"]
[Date "13.09.2024"]
[Round "3.20"]
[Board "2"]
[White "Pang, Kay Yan Eden"]
[Black "Vo, Thi Kim Phung"]
[Result "0-1"]
[BlackTitle "WGM"]
[WhiteElo "1847"]
[BlackElo "2320"]
[WhiteTeam "Singapore"]
[BlackTeam "Vietnam"]
[WhiteFideId "5825229"]
[BlackFideId "12401838"]
[EventDate "2024.09.11"]

1. d4 Nf6 2. c4 e6 3. Nf3 d5 4. g3 Be7 5. Bg2 O-O 6. O-O c6 7. Qc2 Nbd7 8. Nbd2
b6 9. e4 dxc4 10. Nxc4 Bb7 11. Be3 c5 12. Ng5 h6 13. e5 Bxg2 14. exf6 Nxf6 15.
Nxe6 fxe6 16. Kxg2 cxd4 17. Rad1 Qd5+ 18. Kg1 e5 19. b3 b5 20. Nb2 Rac8 21. Qb1
Qe4 22. Qxe4 Nxe4 23. Bc1 Nc3 24. Rde1 e4 25. Nd1 Nxd1 26. Rxd1 Bc5 27. Rfe1
Rce8 28. Bb2 d3 29. Rf1 Rxf2 30. Rxf2 Rf8 31. Rf1 Rf7 32. Re1 d2 0-1

[Event "Olimpiade 2024 - Donne"]
[Site "Budapest"]
[Date "13.09.2024"]
[Round "3.21"]
[Board "3"]
[White "Ter-Avetisjana, Agnesa Stepania"]
[Black "Almanzar Vasquez, Jeniffer Maria"]
[Result "1-0"]
[WhiteTitle "WFM"]
[BlackTitle "WCM"]
[WhiteElo "2134"]
[BlackElo "1876"]
[WhiteTeam "Latvia"]
[BlackTeam "Dominican Republic"]
[WhiteFideId "11614900"]
[BlackFideId "6406505"]
[EventDate "2024.09.11"]

1. e4 d5 2. exd5 Qxd5 3. Nc3 Qa5 4. d4 Nf6 5. Nf3 Bf5 6. Bd2 c6 7. Bc4 e6 8. O-O
Qc7 9. Ne2 Bd6 10. Ng3 Bg6 11. Nh4 Nbd7 12. Re1 O-O 13. Nxg6 hxg6 14. c3 Kh7 15.
Qf3 Rh8 16. Bb3 Kg8 17. h3 Nh5 18. Ne4 Bf4 19. Ng5 Bxg5 20. Bxg5 Qa5 21. Bd2
Nhf6 22. Re2 Qb6 23. Rae1 a5 24. Bf4 a4 25. Bc4 Qa5 26. a3 Nd5 27. Bd6 N7f6 28.
Ba2 Rd8 29. Be5 b5 30. Bxf6 gxf6 31. Bxd5 Rxd5 32. Qxf6 Rf5 33. Qe7 Qb6 34. Rd1
Qb8 35. Re4 Rfh5 36. Rd3 Qa8 37. Rf3 R8h7 38. Rg4 Rf5 39. Rxf5 exf5 40. Rg3 Qf8
41. Qxf8+ Kxf8 42. Re3 Rh4 43. Re5 Re4 44. Rxe4 fxe4 45. Kf1 Ke7 46. Ke2 Kd6 47.
Ke3 Kd5 48. h4 f5 49. f3 exf3 50. gxf3 Ke6 51. Kd2 Kd6 52. Kc2 c5 53. dxc5+ Kxc5
54. b3 Kd5 55. bxa4 bxa4 56. Kd3 Kc6 57. f4 Kd5 58. c4+ Kc5 59. Kc3 1-0

[Event "Olimpiade 2024 - Donne"]
[Site "Budapest"]
[Date "13.09.2024"]
[Round "3.22"]
[Board "2"]
[White "Saidova, Rukhshona"]
[Black "Kanakova, Natalie"]
[Result "0-1"]
[BlackTitle "WIM"]
[WhiteElo "1873"]
[BlackElo "2145"]
[WhiteTeam "Tajikistan"]
[BlackTeam "Czech Republic"]
[WhiteFideId "14701227"]
[BlackFideId "350486"]
[EventDate "2024.09.11"]

1. e4 c5 2. Nf3 e6 3. d4 cxd4 4. Nxd4 Nf6 5. Nc3 Nc6 6. Bf4 Bb4 7. Nb5 e5 8. Bg5
O-O 9. Bc4 a6 10. Nd6 Nd4 11. Nxc8 Rxc8 12. Bd5 Rxc3 13. bxc3 Bxc3+ 14. Kf1 Bxa1
15. Qxa1 h6 16. Bh4 Qb6 17. Bxf6 Qxf6 18. c3 Ne6 19. Bxb7 Nc5 20. Bd5 Nd3 21.
Ke2 Nf4+ 22. Kf1 Qg6 23. Rg1 Nxd5 24. exd5 Qd3+ 25. Ke1 Rb8 0-1

[Event "Olimpiade 2024 - Donne"]
[Site "Budapest"]
[Date "13.09.2024"]
[Round "3.37"]
[Board "4"]
[White "Mimic, Sofija"]
[Black "Kim, Sarang"]
[Result "0-1"]
[WhiteElo "1809"]
[BlackElo "1732"]
[WhiteTeam "Bosnia & Herzegovina"]
[BlackTeam "South Korea"]
[WhiteFideId "14425920"]
[BlackFideId "13212834"]
[EventDate "2024.09.11"]

1. e4 e6 2. d4 d5 3. Nc3 Bb4 4. e5 c5 5. Bd2 cxd4 6. Nb5 Bc5 7. b4 Be7 8. Qg4 g6
9. Qxd4 Nc6 10. Qb2 a6 11. Na3 Nxe5 12. f4 Nd7 13. Qxh8 Nf6 14. Bc3 Kf8 15. Nf3
Qb6 16. O-O-O a5 17. Ng5 Qe3+ 18. Kb1 Qxc3 19. Nxh7+ Ke8 20. Bb5+ Bd7 21. Rd3
Qxb4+ 22. Rb3 Qd4 23. Bxd7+ Kxd7 24. Rxb7+ Kc6 25. Rc7+ Kb6 26. Rxe7 Qb4+ 27.
Ka1 Qc3+ 28. Kb1 Rb8 29. Nxf6 Ka6+ 30. Kc1 Qxa3+ 31. Kd2 Qb4+ 32. Ke2 Nxe7 33.
Qg7 Nc6 34. Qxf7 Nd4+ 35. Kf2 Qd2+ 36. Kg3 Qe3+ 37. Kg4 Qe2+ 38. Kh3 Rh8+ 39.
Nh7 Qh5+ 40. Kg3 Rc8 41. Ng5 Nf5+ 42. Kf2 Rxc2+ 0-1

[Event "Olimpiade 2024 - Donne"]
[Site "Budapest"]
[Date "13.09.2024"]
[Round "3.38"]
[Board "2"]
[White "Torres Hernandez, Leslie Carolin"]
[Black "Manova, Ivana"]
[Result "1/2-1/2"]
[WhiteTitle "WFM"]
[WhiteElo "1891"]
[BlackElo "2031"]
[WhiteTeam "Honduras"]
[BlackTeam "North Macedonia"]
[WhiteFideId "8400504"]
[BlackFideId "15003590"]
[EventDate "2024.09.11"]

1. e4 e5 2. Nf3 Nc6 3. Bb5 a6 4. Ba4 Nf6 5. O-O Be7 6. d3 b5 7. Bb3 d6 8. h3 Na5
9. Re1 O-O 10. Nbd2 Nxb3 11. axb3 c5 12. Nf1 Re8 13. c4 Bd7 14. Ne3 g6 15. g4 h6
16. Nh2 Bc6 17. Qf3 Nh7 18. Ng2 Bg5 19. Qg3 Qf6 20. h4 Bxc1 21. Raxc1 a5 22. Rc2
a4 23. bxa4 Rxa4 24. Qe3 Kg7 25. Rf1 Rea8 26. f4 exf4 27. Rxf4 Ra1+ 28. Nf1 Qe5
29. Rcf2 R8a7 30. Qf3 Qe6 31. Ne3 bxc4 32. dxc4 R1a4 33. Nd2 Rb4 34. b3 Re7 35.
Nd5 Bxd5 36. exd5 Qe1+ 37. Kg2 Rbb7 38. Ne4 Rbd7 39. Nxd6 f6 40. Ne4 g5 41. hxg5
hxg5 42. Rxf6 Qxe4 43. Rc6 Qe5 44. Qd3 Qe4+ 45. Qxe4 Rxe4 46. Kg3 Re3+ 47. Rf3
Rxf3+ 48. Kxf3 Nf6 49. Rxc5 Rb7 50. Rb5 Rxb5 51. cxb5 Nxd5 52. Ke4 Nc3+ 53. Kf5
Nxb5 54. Kxg5 Nd4 55. b4 Nb5 56. Kf5 Nd4+ 57. Ke4 Nb5 58. Kd5 Kg6 59. Kc4 Na3+ 1/2-1/2

[Event "Olimpiade 2024 - Donne"]
[Site "Budapest"]
[Date "13.09.2024"]
[Round "3.51"]
[Board "4"]
[White "Djerroud, Chahrazed"]
[Black "Teweldemedhn, Mekdes Teklay"]
[Result "1-0"]
[WhiteTitle "WCM"]
[WhiteElo "1910"]
[BlackElo "1648"]
[WhiteTeam "Algeria"]
[BlackTeam "Ethiopia"]
[WhiteFideId "7910762"]
[BlackFideId "15704181"]
[EventDate "2024.09.11"]

1. e4 c5 2. Nf3 Nc6 3. d4 cxd4 4. Nxd4 g6 5. c4 Bg7 6. Be3 Qb6 7. Nxc6 Qxc6 8.
Qc2 e6 9. Nc3 Ne7 10. Rd1 b6 11. Be2 Bb7 12. Bf3 Qxc4 13. Qd3 Bxc3+ 14. bxc3
Qxd3 15. Rxd3 d5 16. exd5 Bxd5 17. Bd4 Rg8 18. Bxd5 Nxd5 19. g3 Ke7 20. Ke2 f6
21. f4 Rac8 22. h4 Kd6 23. Bxf6 Rc4 24. Kd2 Kc6 25. Be5 Ra4 26. Ra1 h6 27. Kc2
g5 28. fxg5 hxg5 29. h5 Rf8 30. h6 Re4 31. Bg7 Rf2+ 32. Rd2 Ree2 33. Rd1 Ne3+
34. Kd3 1-0

[Event "Olimpiade 2024 - Donne"]
[Site "Budapest"]
[Date "13.09.2024"]
[Round "3.53"]
[Board "3"]
[White "Johnson, Daijah"]
[Black "Rejepova, Jahan"]
[Result "0-1"]
[WhiteTitle "WCM"]
[WhiteElo "1625"]
[BlackElo "1915"]
[WhiteTeam "Bahamas"]
[BlackTeam "Turkmenistan"]
[WhiteFideId "10400591"]
[BlackFideId "14006480"]
[EventDate "2024.09.11"]

1. d4 d5 2. c4 e6 3. Nc3 Nf6 4. Nf3 Be7 5. Bg5 h6 6. Bxf6 Bxf6 7. e3 O-O 8. Bd3
c5 9. O-O cxd4 10. exd4 dxc4 11. Bxc4 Nc6 12. Ne2 b6 13. Qd2 Bb7 14. b3 Ne7 15.
Rad1 Nd5 16. Bxd5 Bxd5 17. Ne5 Qd6 18. Nc3 Bb7 19. Ng4 Be7 20. f3 Rfd8 21. Ne4
Bxe4 22. fxe4 Qxd4+ 23. Qxd4 Rxd4 24. Rxd4 Bc5 25. Rd1 Rd8 26. Kf1 Rxd4 27. Rxd4
Bxd4 28. h3 Kf8 29. Ke2 f6 30. Nh2 Ke7 31. Kd3 Bc5 32. Nf1 Kd6 33. Nd2 Ke5 34.
g3 f5 35. exf5 exf5 36. Kc4 Be3 37. Nf1 Ke4 38. Kb5 Kf3 39. g4 f4 40. Kc4 Kg2
41. Nxe3+ fxe3 42. Kd3 Kf2 0-1

[Event "Olimpiade 2024 - Donne"]
[Site "Budapest"]
[Date "13.09.2024"]
[Round "3.53"]
[Board "4"]
[White "Arazmedova, Enesh"]
[Black "Pride, Chika"]
[Result "1-0"]
[WhiteElo "1761"]
[BlackElo "1587"]
[WhiteTeam "Turkmenistan"]
[BlackTeam "Bahamas"]
[WhiteFideId "14006448"]
[BlackFideId "10401601"]
[EventDate "2024.09.11"]

1. e4 d6 2. d4 Nf6 3. Nc3 e5 4. dxe5 dxe5 5. Qxd8+ Kxd8 6. Bg5 Be7 7. O-O-O+ Ke8
8. Nf3 Nbd7 9. Bh4 a6 10. a4 Bd6 11. Nd2 b6 12. f3 Bb7 13. Bc4 c6 14. Bb3 b5 15.
Rhe1 Nc5 16. Kb1 Bc8 17. Ba2 Nxa4 18. Nxa4 bxa4 19. Nc4 Bc7 20. Nd6+ Ke7 21.
Nxf7 Rf8 22. Ng5 h6 23. Nh7 Rh8 24. Nxf6 gxf6 25. Bf2 Bd6 26. Rd3 Be6 27. Red1
Bxa2+ 28. Kxa2 Rhd8 29. Rxd6 Rxd6 30. Bc5 Rd8 31. Ka3 Ke6 32. Rxd6+ Rxd6 33.
Bxd6 Kxd6 34. Kxa4 Kc7 35. Kb4 Kb6 36. g3 c5+ 37. Kc4 Kc6 38. f4 exf4 39. gxf4
a5 40. e5 f5 41. e6 Kd6 42. e7 Kxe7 43. Kxc5 Ke6 44. Kc6 a4 45. c4 h5 46. c5 Ke7
47. Kb7 Kd7 48. c6+ Kd6 49. c7 Kd5 50. c8=Q Ke4 51. Qc4+ Kf3 52. Kc6 Kg2 53.
Qe2+ Kg1 54. Kd5 h4 55. Kd4 h3 56. Ke3 a3 57. Kf3 a2 58. Qe1+ Kxh2 59. Qg3+ Kh1
60. Qxh3+ Kg1 61. Qg2# 1-0

[Event "Olimpiade 2024 - Donne"]
[Site "Budapest"]
[Date "13.09.2024"]
[Round "3.55"]
[Board "1"]
[White "Seine, Rose Berline"]
[Black "Paulo, Jemima"]
[Result "1-0"]
[BlackTitle "WFM"]
[WhiteElo "1778"]
[BlackElo "2037"]
[WhiteTeam "Haiti"]
[BlackTeam "Angola"]
[WhiteFideId "11900547"]
[BlackFideId "10110836"]
[EventDate "2024.09.11"]

1. d4 d5 2. c4 e6 3. Nc3 Nf6 4. cxd5 exd5 5. Bg5 c6 6. e3 h6 7. Bh4 Nbd7 8. Bg3
Bb4 9. Bd3 O-O 10. h3 Re8 11. Ne2 a5 12. O-O b5 13. Rc1 Bb7 14. Bb1 Bf8 15. Nf4
Bd6 16. Nfxd5 Bxg3 17. Nxf6+ Qxf6 18. fxg3 Qg5 19. e4 Qxg3 20. Rf3 Qb8 21. Qb3
Re7 22. Rcf1 Qe8 23. a3 a4 24. Qc2 Nf8 25. Ba2 Ne6 26. Qf2 Rd8 27. d5 cxd5 28.
exd5 Ng5 29. Rf4 Rd6 30. Qc5 Rg6 31. Kh2 Qd8 32. h4 Ne6 33. dxe6 Rxg2+ 34. Kh3
f6 35. Bd5 Rd2 36. Rd4 Rxd4 37. Qxd4 Bc8 38. Qe3 Qd6 39. Re1 Kf8 40. Qe4 g5 41.
hxg5 hxg5 42. Kg2 Rg7 43. Rh1 Ke7 44. Rh7 Kf8 45. e7+ 1-0

[Event "Olimpiade 2024 - Donne"]
[Site "Budapest"]
[Date "14.09.2024"]
[Round "4.3"]
[Board "4"]
[White "Lu, Miaoyi"]
[Black "Toma, Katarzyna"]
[Result "1-0"]
[WhiteTitle "IM"]
[BlackTitle "WGM"]
[WhiteElo "2438"]
[BlackElo "2184"]
[WhiteTeam "China"]
[BlackTeam "England"]
[WhiteFideId "8618020"]
[BlackFideId "1119907"]
[EventDate "2024.09.11"]

1. d4 Nf6 2. c4 e6 3. Nc3 Bb4 4. e3 O-O 5. Ne2 Ne4 6. Qc2 f5 7. a3 Bxc3+ 8. Nxc3
Nxc3 9. Qxc3 b6 10. Bd3 Bb7 11. O-O d6 12. b4 Nd7 13. f3 Qe7 14. Bb2 e5 15. d5
a5 16. Qc2 Qf7 17. g4 axb4 18. axb4 Rxa1 19. Bxa1 g6 20. f4 fxg4 21. fxe5 Qg7
22. e6 Rxf1+ 23. Bxf1 Ne5 24. Qe4 Qf6 25. Bxe5 Qxe5 26. Qxe5 dxe5 27. Bg2 Bc8
28. Kf2 Kg7 29. Kg3 h5 30. Kh4 Kf6 31. Be4 c6 32. dxc6 Bxe6 33. c7 Bc8 34. b5
Ke7 35. c5 bxc5 36. b6 Kd6 37. b7 Bxb7 38. Bxb7 Kxc7 39. Be4 Kd6 40. Bxg6 1-0

[Event "Olimpiade 2024 - Donne"]
[Site "Budapest"]
[Date "14.09.2024"]
[Round "4.18"]
[Board "4"]
[White "Hernandez Gil, Ineymig"]
[Black "Petricenco, Ana"]
[Result "1/2-1/2"]
[WhiteTitle "WIM"]
[BlackTitle "WFM"]
[WhiteElo "2160"]
[BlackElo "1894"]
[WhiteTeam "Cuba"]
[BlackTeam "Moldova"]
[WhiteFideId "3526216"]
[BlackFideId "13908596"]
[EventDate "2024.09.11"]

1. e4 c5 2. Nf3 d6 3. Bb5+ Nd7 4. a4 Nf6 5. Nc3 a6 6. Be2 b6 7. d4 cxd4 8. Nxd4
Bb7 9. O-O e6 10. f3 Be7 11. Kh1 O-O 12. Nb3 d5 13. exd5 Nxd5 14. Nxd5 Bxd5 15.
c4 Bb7 16. Be3 a5 17. Nd4 Bc5 18. Qc1 Qe7 19. Rd1 Rfd8 20. b3 Rac8 21. Ra2 e5
22. Nf5 Qe6 23. Bxc5 Qxf5 24. Be7 Re8 25. Qg5 Qxg5 26. Bxg5 Nc5 27. Be3 Rcd8 28.
Rad2 Rxd2 29. Rxd2 Nxb3 30. Rd6 Nd4 31. Bd3 Bc6 32. Kg1 Bxa4 33. Rxb6 Bc2 34.
Bf1 h6 35. Rb2 Bg6 36. Rb7 a4 37. Ra7 Bc2 38. f4 Nf5 39. Bb6 e4 40. g4 Nh4 41.
c5 e3 42. Be2 Be4 43. Rxa4 Bf3 44. Kf1 Bg2+ 45. Kg1 Bf3 46. Kf1 Bg2+ 47. Kg1 Bf3 1/2-1/2

[Event "Olimpiade 2024 - Donne"]
[Site "Budapest"]
[Date "14.09.2024"]
[Round "4.23"]
[Board "2"]
[White "Koskela, Niina"]
[Black "Rovira Contreras, Tairu Manuela"]
[Result "1-0"]
[WhiteTitle "WGM"]
[BlackTitle "WIM"]
[WhiteElo "2173"]
[BlackElo "2022"]
[WhiteTeam "Norway"]
[BlackTeam "Venezuela"]
[WhiteFideId "500755"]
[BlackFideId "3900533"]
[EventDate "2024.09.11"]

1. e4 e5 2. Nf3 Nc6 3. Bc4 Nf6 4. d3 Bc5 5. c3 d6 6. Bb3 Bb6 7. O-O O-O 8. Nbd2
Ne7 9. Nc4 Ng6 10. Nxb6 axb6 11. Bc2 Re8 12. h3 h6 13. Kh2 Bd7 14. Ng1 Bc6 15.
Ne2 d5 16. f3 Nh5 17. Be3 Qd6 18. g3 Rad8 19. Qe1 Nf6 20. Rd1 Bd7 21. a3 Qe6 22.
Ng1 c5 23. Qf2 Bb5 24. Rfe1 Bc6 25. Bb1 Ba4 26. Rc1 Rd7 27. Ba2 Qe7 28. Bb1 Bc6
29. Qg2 Qd8 30. Ne2 Qb8 31. Kg1 Kh8 32. Bf2 Qd6 33. g4 Nh7 34. h4 Qf6 35. Qg3
Rdd8 36. Kh2 d4 37. cxd4 cxd4 38. Kg2 Kg8 39. h5 Nf4+ 40. Nxf4 exf4 41. Qh2 Qe5
42. Qg1 Rd6 43. Red1 Nf8 44. Ba2 Red8 45. Qe1 g6 46. hxg6 Rxg6 47. Kf1 h5 48.
gxh5 Qxh5 49. Ke2 Ne6 50. Qh1 Qb5 51. Rd2 Kg7 52. Bxe6 fxe6 53. Rg1 e5 54. b4
Rd6 55. Rxg6+ Rxg6 56. Qh4 Kf7 57. Qh7+ Rg7 58. Qf5+ Kg8 59. a4 Qxa4 60. Qxe5
Qxb4 61. Qxf4 b5 62. Ra2 Kh7 63. Qh4+ Kg6 64. Qg4+ Kh6 65. Qh3+ Kg6 66. Qf5+ Kh6
67. Be1 Qe7 68. Bd2+ Rg5 69. Ra1 1-0